00452nam a2200157Ia 4500003000900000008004100009040001600050080001700066100002400083245008900107260002700196300001900223650001300242650001500255650002400270IN-BaIIA211028s9999 xx 000 0 eng d cIIA Library a521.1bPON-1 aPontecoulant, G. de 0aTheorie analytique du systeme du mondebtome premier (in French)cG. de Pontecoulant aParisbBachelierc1829 axxviiij, 508p. aArchives aAstrometry aCelestial Mechanics